<?xml version="1.0" encoding="UTF-8"?>
<collection xmlns="http://www.loc.gov/MARC21/slim">
 <record>
  <leader>00614pamaa2200169   4500</leader>
  <controlfield tag="001">0000051621</controlfield>
  <controlfield tag="005">20130816090000.0</controlfield>
  <controlfield tag="008">130816s2010                             eng  </controlfield>
  <datafield tag="022" ind1="0" ind2="0">
   <subfield code="a">1049331X</subfield>
  </datafield>
  <datafield tag="245" ind1="0" ind2="0">
   <subfield code="a">ACM Transactions On Software Engineering and Methodology : </subfield>
   <subfield code="b">vol. 18, 1-4, 2009, vol. 19, 1, 2010.</subfield>
  </datafield>
  <datafield tag="260" ind1="0" ind2="0">
   <subfield code="a">New York, NY: </subfield>
   <subfield code="b">Association for Computing Machinery, </subfield>
   <subfield code="c">1992-.</subfield>
  </datafield>
  <datafield tag="300" ind1=" " ind2=" ">
   <subfield code="a">v.: </subfield>
   <subfield code="b">ill.; </subfield>
   <subfield code="c">26 cm.</subfield>
  </datafield>
  <datafield tag="440" ind1="0" ind2="0">
   <subfield code="a">ACM series on computing methodologies</subfield>
  </datafield>
  <datafield tag="500" ind1="0" ind2="0">
   <subfield code="a">Title from cover</subfield>
  </datafield>
  <datafield tag="650" ind1="0" ind2="0">
   <subfield code="a">Software engineering -- </subfield>
   <subfield code="x">Periodicals </subfield>
  </datafield>
  <datafield tag="710" ind1="1" ind2="1">
   <subfield code="a">Association for Computing Machinery </subfield>
  </datafield>
  <datafield tag="901" ind1=" " ind2=" ">
   <subfield code="u">www.acm.org</subfield>
  </datafield>
 </record>
</collection>
